Heroes and villains Quiz Stats

Quiz not verified by Sporcle

Challenge
Share
Tweet
Embed
Score 0/30 Timer 04:00
0 Plays Today
% Correct
Davy jones
94.5%
Satan
94.5%
Magneto
94.5%
James moriarty
90.9%
Voldemort
90.9%
The green goblin
89.1%
Darth sidious
89.1%
Bowser
87.3%
Saruman
85.5%
Hera
78.2%
Sinestro
65.5%
Ganondorf
58.2%
Wes mantooth
56.4%
Clayton
54.5%
Dr wily
52.7%
% Correct
Zombies
52.7%
Raoul silva
50.9%
The black knight ghost
49.1%
The master
49.1%
Robert underdunk terwiliger
40%
Miss finster
36.4%
Buggy the clown
30.9%
Black shadow
29.1%
Ridley
29.1%
The phantom blot
27.3%
Will teasle
25.5%
Chairace Chippendale
21.8%
Maleficent
20%
Clockwerk
18.2%
Lorenzo Zoyle
16.4%

You're not logged in!

Compare scores with friends on all Sporcle quizzes.
Sign Up with Email
OR
Log In

You Might Also Like...

Show Comments

Extras

Top Quizzes Today


Score Distribution

Your Account Isn't Verified!

In order to create a playlist on Sporcle, you need to verify the email address you used during registration. Go to your Sporcle Settings to finish the process.